| 000 | 00687nam a2200193 a 4500 | ||
|---|---|---|---|
| 008 | 120416s1991 ||||||||||||||||| || u | ||
| 020 | _a0198596855 | ||
| 050 | _aQA 313 Erg | ||
| 100 | _aKeane, Michael | ||
| 245 | 1 | 0 |
_aErgodic theory, symbolic dynamics, and hyperbolic spaces _cedited by Tim Bedford |
| 260 |
_aOxford: _bThe University Press _c1991 |
||
| 350 | _a0.00 | ||
| 650 | _aERGODIC THEORY | ||
| 650 | _aGeometry, Hyperbolic | ||
| 650 | _aSymbolic dynamics | ||
| 700 | _aBedford, Tim | ||
| 700 | _aSeries, Caroline | ||
| 995 |
_D0.00 _FCBU-MAIN LIBRARY (Kitwe) _H1 _I14.50 _M1 _UAVAILABLE _ZAnnex Low-Usage Collection |
||
| 999 |
_c42326 _d42326 |
||